Word Ladder: Court Sport Quiz Stats

Quiz Updated Feb 22, 2016

Challenge
Share
Tweet
Embed
Score 0/24 Timer 03:00
0 Plays Today
% Correct
SAN
94.3%
MARCH
92.7%
SAT
91.3%
MARGE
87.7%
MAN
87%
ABE
86.8%
SOOT
86%
SET
83.7%
TAME
83.4%
MERGE
83.2%
MATCH
83.1%
TORE
82.2%
% Correct
TOME
81.7%
MAE
81%
GAME
80.6%
TOOT
78.4%
MARCÉ
77.6%
ACE
77.4%
TORT
74.9%
MBE
74%
SERVE
67.1%
VERGE
66.6%
SHOT
65.9%
VERVE
57.4%

Today's Daily Dose

You're not logged in!

Compare scores with friends on all Sporcle quizzes.
Sign Up with Email
OR
Log In

You Might Also Like...

Show Comments

Extras

Top Quizzes Today


Score Distribution

Your Account Isn't Verified!

In order to create a playlist on Sporcle, you need to verify the email address you used during registration. Go to your Sporcle Settings to finish the process.